[Event "UK Women's Blitz Championship"]
[Site "Leamington"]
[Date "2025.11.22"]
[Round "2.7"]
[White "Hng, Mei-Xian Eunice"]
[Black "Bahtiyorova, Nodirabegim"]
[Result "0-1"]
[WhiteElo "2000"]
[BlackElo "1817"]
[PlyCount "102"]
[EventDate "2025.11.22"]
[EventType "tourn (blitz)"]
[EventRounds "15"]
[EventCountry "GBR"]
[SourceTitle "BritBase"]
[Source "John Saunders"]
[SourceDate "2025.11.23"]
[SourceVersion "1"]
[SourceVersionDate "2025.11.23"]
[SourceQuality "1"]

1. e3 d5 2. c4 e6 3. b3 Nf6 4. Bb2 Be7 5. Qc2 b6 6. d3 Bb7 7. Nf3 c5 8. Nbd2 Nbd7 9. Be2 Rc8 10. O-O O-O 11. Rad1 Re8 12. Rfe1 Bf8 13. Nf1 Qc7 14. Ng3 Red8 15. Qb1 Qb8 16. e4 d4 17. Bc1 Bd6 18. Nf1 Bf4 19. g3 Bxc1 20. Qxc1 a6 21. Qg5 h6 22. Qd2 Qc7 23. Rc1 Nf8 24. Qb2 Ng6 25. N1d2 Qe7 26. Bf1 Re8 27. Bg2 Rb8 28. a3 Ba8 29. b4 Qc7 30. Qc2 a5 31. bxa5 bxa5 32. Rb1 Bc6 33. Rec1 Nd7 34. Qd1 Nb6 35. Nb3 Na4 36. Qc2 Nc3 37. Rb2 Ba4 38. Nfd2 Rb6 39. Bf1 Reb8 40. h4 Ne5 41. Kg2 Qb7 42. Nxc5 Bxc2 43. Nxb7 Rxb2 44. Nxa5 Bxd3 45. Bxd3 Nxd3 46. Rf1 Rxd2 47. Nc6 Ra8 48. Nxd4 Rxa3 49. Nb5 Nxb5 50. cxb5 Rb3 51. Ra1 Rxb5 0-1

[Event "UK Women's Blitz Championship"]
[Site "Leamington"]
[Date "2025.11.22"]
[Round "2.8"]
[White "Sivanandan, Bodhana"]
[Black "Yuan, Alice"]
[Result "1-0"]
[WhiteElo "2291"]
[BlackElo "1586"]
[PlyCount "63"]
[EventDate "2025.11.22"]
[EventType "tourn (blitz)"]
[EventRounds "15"]
[EventCountry "GBR"]
[SourceTitle "BritBase"]
[Source "John Saunders"]
[SourceDate "2025.11.23"]
[SourceVersion "1"]
[SourceVersionDate "2025.11.23"]
[SourceQuality "1"]

1. e4 e6 2. d4 d5 3. Nd2 dxe4 4. Nxe4 Nd7 5. Nf3 Ngf6 6. Nxf6+ Nxf6 7. c3 Bd6 8. Bd3 Bd7 9. O-O O-O 10. Re1 Re8 11. Bg5 h6 12. Bh4 c5 13. dxc5 Bxc5 14. Qe2 Be7 15. Rad1 Qc7 16. Bc2 Rad8 17. Ne5 Nd5 18. Bg3 Qc8 19. Qf3 Bf6 20. Qe4 Bc6 21. Nxc6 Qxc6 22. Bb3 Nb6 23. Qe2 Rxd1 24. Rxd1 e5 25. Qh5 e4 26. Bxf7+ Kh8 27. Bxe8 Qe6 28. Bf7 Qe7 29. Bg6 Qe6 30. Bf5 Qe7 31. Qg6 Kg8 32. Bd6 1-0

[Event "UK Women's Blitz Championship"]
[Site "Leamington"]
[Date "2025.11.22"]
[Round "3.1"]
[White "Yuan, Alice"]
[Black "Orlovska, Madara"]
[Result "0-1"]
[WhiteElo "1586"]
[BlackElo "2052"]
[PlyCount "64"]
[EventDate "2025.11.22"]
[EventType "tourn (blitz)"]
[EventRounds "15"]
[EventCountry "GBR"]
[SourceTitle "BritBase"]
[Source "John Saunders"]
[SourceDate "2025.11.23"]
[SourceVersion "1"]
[SourceVersionDate "2025.11.23"]
[SourceQuality "1"]

1. d4 Nf6 2. Bf4 g6 3. Nc3 Bg7 4. e4 O-O 5. Nf3 d6 6. Bc4 Nfd7 7. O-O a6 8. Re1 e5 9. dxe5 dxe5 10. Bg3 Nc6 11. Nd5 h6 12. h3 Kh7 13. a3 b5 14. Bb3 Bb7 15. Nc3 Qe7 16. Qe2 Nd4 17. Nxd4 exd4 18. Na2 c5 19. c3 c4 20. Bc2 d3 21. Qd1 dxc2 22. Qxc2 Ne5 23. Bxe5 Qxe5 24. Nb4 Rad8 25. Rad1 Qf4 26. Rxd8 Rxd8 27. f3 Be5 28. Qf2 Rd2 29. Re2 Qh2+ 30. Kf1 Qh1+ 31. Qg1 Rd1+ 32. Kf2 Qxg1# 0-1

[Event "UK Women's Blitz Championship"]
[Site "Leamington"]
[Date "2025.11.22"]
[Round "3.2"]
[White "Bahtiyorova, Nodirabegim"]
[Black "Sivanandan, Bodhana"]
[Result "0-1"]
[WhiteElo "1817"]
[BlackElo "2291"]
[PlyCount "126"]
[EventDate "2025.11.22"]
[EventType "tourn (blitz)"]
[EventRounds "15"]
[EventCountry "GBR"]
[SourceTitle "BritBase"]
[Source "John Saunders"]
[SourceDate "2025.11.23"]
[SourceVersion "1"]
[SourceVersionDate "2025.11.23"]
[SourceQuality "1"]

1. e4 c6 2. d4 d5 3. Nc3 dxe4 4. Nxe4 Nf6 5. Nxf6+ exf6 6. c3 Bd6 7. Bd3 O-O 8. Qc2 Re8+ 9. Ne2 h5 10. O-O h4 11. h3 Nd7 12. Bd2 Nf8 13. Rae1 Be6 14. f4 c5 15. f5 Bd7 16. Be4 Qc7 17. Bf4 Bxf4 18. Rxf4 cxd4 19. cxd4 Qxc2 20. Bxc2 Bb5 21. Re4 Rxe4 22. Bxe4 Re8 23. Bf3 Nd7 24. Kf2 Ba6 25. Rc1 Bxe2 26. Bxe2 Re4 27. Rd1 Nb6 28. Bf3 Re7 29. Be2 Rd7 30. Ke3 Nd5+ 31. Kf3 Nb4 32. a3 Nd5 33. Bc4 Nb6 34. Bb3 Kf8 35. Ke4 Re7+ 36. Kd3 Rc7 37. Re1 Nc8 38. Re4 Nd6 39. Rxh4 Nxf5 40. Rh8+ Ke7 41. g4 Nd6 42. Rh7 g6 43. h4 Rc1 44. h5 gxh5 45. gxh5 Rh1 46. Bd5 Rh3+ 47. Kd2 b6 48. Ke2 f5 49. Kf2 Rh4 50. Ke3 a5 51. Ba2 Kf6 52. Bb3 Rh3+ 53. Kf4 Rxb3 54. Rh6+ Ke7 55. Rh8 Rxb2 56. h6 Rh2 57. h7 b5 58. Ke5 f6+ 59. Kd5 Nf7 60. Ra8 Rxh7 61. Rxa5 f4 62. Rxb5 Rh5+ 63. Kc4 Nd6+ 0-1

[Event "UK Women's Blitz Championship"]
[Site "Leamington"]
[Date "2025.11.22"]
[Round "3.3"]
[White "Rida, Ruqayyah"]
[Black "Hng, Mei-Xian Eunice"]
[Result "1-0"]
[WhiteElo "2072"]
[BlackElo "2000"]
[PlyCount "67"]
[EventDate "2025.11.22"]
[EventType "tourn (blitz)"]
[EventRounds "15"]
[EventCountry "GBR"]
[SourceTitle "BritBase"]
[Source "John Saunders"]
[SourceDate "2025.11.23"]
[SourceVersion "1"]
[SourceVersionDate "2025.11.23"]
[SourceQuality "1"]

1. e4 d6 2. d4 Nf6 3. Nc3 g6 4. f4 Bg7 5. Nf3 O-O 6. Be2 c5 7. O-O cxd4 8. Nxd4 Nbd7 9. Be3 a6 10. a4 Qc7 11. Qe1 Nc5 12. Bf3 Bg4 13. Rd1 Bxf3 14. gxf3 Rac8 15. f5 Ncd7 16. Bg5 Qc5 17. Kh1 Nb6 18. Nb3 Qc7 19. Nd4 Qd7 20. a5 Nc4 21. b4 Nb2 22. Rb1 Nc4 23. Nde2 gxf5 24. Rg1 Kh8 25. Bxf6 Bxf6 26. Nd5 Bg7 27. Qg3 Rg8 28. Qh4 Rce8 29. exf5 Qxf5 30. Qxc4 Qxf3+ 31. Rg2 Bd4 32. Qxd4+ e5 33. Qf2 Qxd5 34. Qf6+ 1-0

[Event "UK Women's Blitz Championship"]
[Site "Leamington"]
[Date "2025.11.22"]
[Round "3.4"]
[White "Hryshchenko, Kamila"]
[Black "Mirzoeva, Elmira"]
[Result "0-1"]
[WhiteElo "2062"]
[BlackElo "2122"]
[PlyCount "61"]
[EventDate "2025.11.22"]
[EventType "tourn (blitz)"]
[EventRounds "15"]
[EventCountry "GBR"]
[SourceTitle "BritBase"]
[Source "John Saunders"]
[SourceDate "2025.11.23"]
[SourceVersion "1"]
[SourceVersionDate "2025.11.23"]
[SourceQuality "1"]

1. e4 c6 2. d4 d5 3. e5 Bf5 4. h4 a6 5. Bd3 Bxd3 6. Qxd3 c5 7. dxc5 Nc6 8. Nf3 e6 9. c3 Bxc5 10. O-O Nge7 11. Bf4 Qc7 12. h5 h6 13. Nbd2 g5 14. Bh2 g4 15. Nd4 Nxe5 16. Qe2 Bd6 17. Bxe5 Bxe5 18. Qxg4 O-O-O 19. Qe2 Kb8 20. N2f3 Bd6 21. Rfc1 e5 22. Nc2 Rhg8 23. Ne3 f5 24. Rd1 e4 25. Nd4 f4 26. Ne6 Qd7 27. Nxd8 fxe3 28. Nf7 Qh3 29. fxe3 Qh2+ 30. Kf1 Qh1+ 31. Kf2 0-1

[Event "UK Women's Blitz Championship"]
[Site "Leamington"]
[Date "2025.11.22"]
[Round "3.5"]
[White "Nguyen, Hong Nhung"]
[Black "Varney, Zoe"]
[Result "1/2-1/2"]
[WhiteElo "2190"]
[BlackElo "1931"]
[PlyCount "98"]
[EventDate "2025.11.22"]
[EventType "tourn (blitz)"]
[EventRounds "15"]
[EventCountry "GBR"]
[SourceTitle "BritBase"]
[Source "John Saunders"]
[SourceDate "2025.11.23"]
[SourceVersion "1"]
[SourceVersionDate "2025.11.23"]
[SourceQuality "1"]

1. e4 e5 2. Nf3 Nc6 3. d4 exd4 4. Nxd4 Nf6 5. Nxc6 bxc6 6. e5 Qe7 7. Qe2 Nd5 8. h4 Qe6 9. c4 Nb6 10. Rh3 d6 11. Re3 d5 12. cxd5 cxd5 13. Nd2 Bb7 14. b3 Bc5 15. Qb5+ Qc6 16. Rc3 Nd7 17. Qxc6 Bxc6 18. Rb1 Bb7 19. b4 Bb6 20. Bb5 Rc8 21. Bxd7+ Kxd7 22. f4 Rhe8 23. Kd1 f6 24. Nf3 d4 25. Nxd4 Be4 26. Nc2 fxe5 27. g3 Rcd8 28. fxe5 Rxe5 29. Bg5 Rf8 30. Kc1 Rf1+ 31. Kb2 Rf2 32. Kb3 Bd5+ 33. Ka3 h6 34. Bf4 Re4 35. Rd1 Ke6 36. b5 a6 37. bxa6 Ba8 38. Bxc7 Bxc7 39. Rxc7 Re5 40. Nd4+ Kf6 41. Rc8 Ra5+ 42. Kb4 Rxa6 43. a4 Ra2 44. Rf1+ Ke5 45. Nb3 R6xa4+ 46. Kc3 R2a3 47. Re1+ Kd6 48. Ree8 Bb7 49. Rcd8+ Kc7 1/2-1/2

[Event "UK Women's Blitz Championship"]
[Site "Leamington"]
[Date "2025.11.22"]
[Round "3.6"]
[White "Tamilselvan, Tara"]
[Black "Barwick, Carmel J"]
[Result "0-1"]
[WhiteElo "1887"]
[BlackElo "1831"]
[PlyCount "87"]
[EventDate "2025.11.22"]
[EventType "tourn (blitz)"]
[EventRounds "15"]
[EventCountry "GBR"]
[SourceTitle "BritBase"]
[Source "John Saunders"]
[SourceDate "2025.11.23"]
[SourceVersion "1"]
[SourceVersionDate "2025.11.23"]
[SourceQuality "1"]

1. e4 c5 2. c3 Nf6 3. e5 Nd5 4. d4 cxd4 5. cxd4 e6 6. Nc3 Nxc3 7. bxc3 b6 8. f4 Bb7 9. Nf3 Be7 10. Bd3 Qc7 11. Bd2 O-O 12. O-O d6 13. Qe2 dxe5 14. fxe5 Nd7 15. Rac1 a6 16. Qf2 f5 17. Bg5 Qd8 18. Bxe7 Qxe7 19. Qg3 Rac8 20. h3 b5 21. Kh2 Nb6 22. Ng5 Bd5 23. Rf2 h6 24. Nf3 Bb7 25. Nh4 Qg5 26. Qxg5 hxg5 27. Ng6 Rfe8 28. h4 Kf7 29. h5 Nd5 30. Rfc2 Ne3 31. Re2 Ng4+ 32. Kg3 b4 33. Rf1 bxc3 34. Bxf5 exf5 35. Rxf5+ Ke6 36. Kxg4 c2 37. d5+ Bxd5 38. Rf1 c1=Q 39. Rxc1 Rxc1 40. Rd2 Rc4+ 41. Kg3 Rc3+ 42. Kg4 Bc4 43. Kxg5 Rg3+ 44. Kh4 0-1

[Event "UK Women's Blitz Championship"]
[Site "Leamington"]
[Date "2025.11.22"]
[Round "3.7"]
[White "Pyun, Lindsay"]
[Black "Hariharan, Shambavi"]
[Result "0-1"]
[WhiteElo "1796"]
[BlackElo "1978"]
[PlyCount "76"]
[EventDate "2025.11.22"]
[EventType "tourn (blitz)"]
[EventRounds "15"]
[EventCountry "GBR"]
[SourceTitle "BritBase"]
[Source "John Saunders"]
[SourceDate "2025.11.23"]
[SourceVersion "1"]
[SourceVersionDate "2025.11.23"]
[SourceQuality "1"]

1. e4 e5 2. Nf3 Nc6 3. Bc4 d6 4. O-O f5 5. d3 f4 6. d4 Qf6 7. Bb5 Bd7 8. Bxc6 Bxc6 9. d5 Bd7 10. Qd3 g5 11. Ne1 h5 12. c4 Ne7 13. Nc3 Ng6 14. Nb5 Bxb5 15. cxb5 g4 16. f3 Be7 17. Bd2 Nh4 18. Rc1 Rc8 19. Kh1 Rg8 20. Rg1 Kf7 21. Rc2 Ng6 22. Bc3 Qh4 23. Qe2 Nf8 24. Nd3 Nh7 25. Be1 Qg5 26. Qf2 Nf6 27. Qe2 gxf3 28. Qxf3 Ng4 29. Bd2 h4 30. h3 Nf6 31. Be1 Qh6 32. Re2 Rg6 33. Qf2 Nh5 34. Qxh4 Bxh4 35. Bxh4 Ng3+ 36. Bxg3 Rxg3 37. Kh2 Rxd3 38. Rge1 Rg8 0-1

[Event "UK Women's Blitz Championship"]
[Site "Leamington"]
[Date "2025.11.22"]
[Round "3.8"]
[White "Karas, Eugenia"]
[Black "Dicen, Elis Denele"]
[Result "1/2-1/2"]
[WhiteElo "2019"]
[BlackElo "2076"]
[PlyCount "97"]
[EventDate "2025.11.22"]
[EventType "tourn (blitz)"]
[EventRounds "15"]
[EventCountry "GBR"]
[SourceTitle "BritBase"]
[Source "John Saunders"]
[SourceDate "2025.11.23"]
[SourceVersion "1"]
[SourceVersionDate "2025.11.23"]
[SourceQuality "1"]

1. Nf3 Nf6 2. b3 g6 3. Bb2 Bg7 4. e3 d5 5. Be2 O-O 6. O-O c5 7. d4 cxd4 8. Bxd4 Nc6 9. Bb2 Bf5 10. Nbd2 Rc8 11. c4 dxc4 12. Nxc4 b5 13. Nce5 Nxe5 14. Bxe5 a6 15. Nd4 Be4 16. Bf3 Bxf3 17. Qxf3 Qb6 18. Rac1 Nd7 19. Bxg7 Kxg7 20. Rxc8 Rxc8 21. Qg4 Qd8 22. Rd1 e6 23. h3 Qe7 24. Qf3 Nf6 25. Qg3 Nd5 26. Qe5+ Qf6 27. Qxf6+ Nxf6 28. Rd2 Ne4 29. Rc2 Rxc2 30. Nxc2 Nc3 31. a3 Kf6 32. Nb4 a5 33. Nc6 a4 34. bxa4 bxa4 35. Nb8 Nb5 36. Nd7+ Ke7 37. Nc5 Nxa3 38. Nxa4 Nc4 39. Kf1 Nd6 40. Ke2 Nf5 41. Nc3 Nd6 42. f3 e5 43. e4 Ke6 44. Nd5 Nb5 45. g3 Nd4+ 46. Ke3 Nc2+ 47. Ke2 Nd4+ 48. Ke3 Nc2+ 49. Ke2 1/2-1/2

[Event "UK Women's Blitz Championship"]
[Site "Leamington"]
[Date "2025.11.22"]
[Round "4.1"]
[White "Orlovska, Madara"]
[Black "Dicen, Elis Denele"]
[Result "0-1"]
[WhiteElo "2052"]
[BlackElo "2076"]
[PlyCount "92"]
[EventDate "2025.11.22"]
[EventType "tourn (blitz)"]
[EventRounds "15"]
[EventCountry "GBR"]
[SourceTitle "BritBase"]
[Source "John Saunders"]
[SourceDate "2025.11.23"]
[SourceVersion "1"]
[SourceVersionDate "2025.11.23"]
[SourceQuality "1"]

1. d4 d5 2. Bf4 Nf6 3. e3 e6 4. Nf3 c5 5. c3 Nc6 6. Bd3 Nh5 7. Bg5 f6 8. Bh4 g6 9. Nbd2 cxd4 10. exd4 Bd6 11. Qc2 Nf4 12. Bf1 Bd7 13. Bg3 Rc8 14. Bxf4 Bxf4 15. g3 Bd6 16. Nh4 Nxd4 17. Qd3 Nc6 18. Nxg6 hxg6 19. Qxg6+ Kf8 20. h4 Ne5 21. Qc2 Qe7 22. Be2 Bc5 23. Nb3 Bb6 24. a4 a6 25. a5 Ba7 26. h5 Qg7 27. Rh4 f5 28. Nd4 Bxd4 29. Rxd4 Nf3+ 30. Bxf3 Qxd4 31. Qe2 Qf6 32. Qe3 Kf7 33. Qb6 Bc6 34. O-O-O Qe7 35. Qd4 Qc7 36. Qe3 Qxa5 37. Kb1 Ba4 38. Re1 Rc6 39. Qg5 Rg8 40. Qh6 Bb3 41. Kc1 Qa1+ 42. Kd2 Qxb2+ 43. Ke3 Qxc3+ 44. Ke2 Bc4+ 45. Kd1 Qd3+ 46. Qd2 Bb3# 0-1

[Event "UK Women's Blitz Championship"]
[Site "Leamington"]
[Date "2025.11.22"]
[Round "4.2"]
[White "Hariharan, Shambavi"]
[Black "Karas, Eugenia"]
[Result "1-0"]
[WhiteElo "1978"]
[BlackElo "2019"]
[PlyCount "55"]
[EventDate "2025.11.22"]
[EventType "tourn (blitz)"]
[EventRounds "15"]
[EventCountry "GBR"]
[SourceTitle "BritBase"]
[Source "John Saunders"]
[SourceDate "2025.11.23"]
[SourceVersion "1"]
[SourceVersionDate "2025.11.23"]
[SourceQuality "1"]

1. d4 Nf6 2. c4 b6 3. Nc3 Bb7 4. Qc2 d5 5. cxd5 Nxd5 6. e4 Nxc3 7. bxc3 e6 8. Nf3 Be7 9. Bd3 O-O 10. O-O Nd7 11. Bf4 c5 12. d5 exd5 13. exd5 Bxd5 14. Bxh7+ Kh8 15. Be4 Nf6 16. Bxd5 Qxd5 17. Rfe1 Rfe8 18. Rad1 Qc4 19. Qf5 Bf8 20. Be5 Qe6 21. Qg5 Nh7 22. Qh4 f6 23. Bf4 Qxa2 24. Qh5 Qa4 25. Nh4 Rxe1+ 26. Rxe1 Kg8 27. Qd5+ Kh8 28. Ng6# 1-0

[Event "UK Women's Blitz Championship"]
[Site "Leamington"]
[Date "2025.11.22"]
[Round "4.3"]
[White "Barwick, Carmel J"]
[Black "Pyun, Lindsay"]
[Result "1/2-1/2"]
[WhiteElo "1831"]
[BlackElo "1796"]
[PlyCount "91"]
[EventDate "2025.11.22"]
[EventType "tourn (blitz)"]
[EventRounds "15"]
[EventCountry "GBR"]
[SourceTitle "BritBase"]
[Source "John Saunders"]
[SourceDate "2025.11.23"]
[SourceVersion "1"]
[SourceVersionDate "2025.11.23"]
[SourceQuality "1"]

1. e4 e5 2. Nf3 Nc6 3. d4 exd4 4. Bc4 Nf6 5. e5 d5 6. Bb5 Ne4 7. Nxd4 Bd7 8. Bxc6 bxc6 9. O-O Be7 10. f3 Nc5 11. f4 Ne4 12. Nc3 Nxc3 13. bxc3 Bc5 14. f5 Bc8 15. Kh1 Bxd4 16. cxd4 Qe7 17. a4 Ba6 18. Rf3 O-O-O 19. Qe1 Kb8 20. Ba3 Qd7 21. Bc5 Qc8 22. Qc3 Ka8 23. Be7 Rde8 24. Qxc6+ Qb7 25. Qc5 Rb8 26. h3 Qb6 27. Qxb6 Rxb6 28. Rc3 c6 29. Bc5 Rb2 30. Ba3 Rb6 31. a5 Rb5 32. Bd6 Rc8 33. Kh2 Rb7 34. e6 fxe6 35. fxe6 Bc4 36. e7 Rd7 37. Re1 Re8 38. Rg3 Rxd6 39. Rxg7 Rd7 40. Rf7 Kb7 41. Rxh7 Kc7 42. g4 Kd6 43. Rh6+ Kc7 44. Rh7 Kd6 45. Rh6+ Kc7 46. Rh7 1/2-1/2

[Event "UK Women's Blitz Championship"]
[Site "Leamington"]
[Date "2025.11.22"]
[Round "4.4"]
[White "Varney, Zoe"]
[Black "Tamilselvan, Tara"]
[Result "1-0"]
[WhiteElo "1931"]
[BlackElo "1887"]
[PlyCount "105"]
[EventDate "2025.11.22"]
[EventType "tourn (blitz)"]
[EventRounds "15"]
[EventCountry "GBR"]
[SourceTitle "BritBase"]
[Source "John Saunders"]
[SourceDate "2025.11.23"]
[SourceVersion "1"]
[SourceVersionDate "2025.11.23"]
[SourceQuality "1"]

1. Nf3 Nf6 2. g3 d5 3. Bg2 Nc6 4. O-O e5 5. d3 Be7 6. c4 Be6 7. cxd5 Nxd5 8. Nc3 O-O 9. Bd2 Qd7 10. Nxd5 Bxd5 11. Bc3 f6 12. e4 Be6 13. d4 exd4 14. Nxd4 Nxd4 15. Qxd4 Bd6 16. Rfd1 Rad8 17. Qe3 Qe7 18. Qxa7 Bc5 19. Qxb7 Rb8 20. Qa6 Rb6 21. Qe2 Qf7 22. b3 Rd6 23. Rxd6 cxd6 24. Rd1 Qd7 25. Bd4 Bg4 26. f3 Bxd4+ 27. Rxd4 Qa7 28. Qf2 Be6 29. Rxd6 Qe7 30. Qd2 Bf7 31. Bf1 Ra8 32. Bc4 Bxc4 33. bxc4 h6 34. Qd5+ Kh7 35. Rxf6 Qxf6 36. Qxa8 Qxf3 37. Qd5 Qe3+ 38. Kg2 Qe2+ 39. Kh3 Qf1+ 40. Kh4 g5+ 41. Kg4 Qe2+ 42. Kf5 Qf3+ 43. Ke5 Qc3+ 44. Ke6 Qe3 45. Qf5+ Kg7 46. Qf6+ Kh7 47. Qf7+ Kh8 48. Qg6 Qb6+ 49. Kf5 Qc5+ 50. e5 Qf2+ 51. Ke6 Qxh2 52. Kf7 Qxa2 53. Qg7# 1-0

[Event "UK Women's Blitz Championship"]
[Site "Leamington"]
[Date "2025.11.22"]
[Round "4.5"]
[White "Mirzoeva, Elmira"]
[Black "Nguyen, Hong Nhung"]
[Result "0-1"]
[WhiteElo "2122"]
[BlackElo "2190"]
[PlyCount "96"]
[EventDate "2025.11.22"]
[EventType "tourn (blitz)"]
[EventRounds "15"]
[EventCountry "GBR"]
[SourceTitle "BritBase"]
[Source "John Saunders"]
[SourceDate "2025.11.23"]
[SourceVersion "1"]
[SourceVersionDate "2025.11.23"]
[SourceQuality "1"]

1. Nf3 f5 2. d3 d6 3. e4 e5 4. exf5 Bxf5 5. d4 e4 6. Ng5 Be7 7. Bc4 d5 8. Bb3 Nf6 9. Nc3 c6 10. f3 h6 11. Nh3 Bxh3 12. gxh3 Qd7 13. fxe4 Qxh3 14. Qe2 Qh4+ 15. Qf2 Nxe4 16. Qxh4 Bxh4+ 17. Ke2 Nxc3+ 18. bxc3 O-O 19. Be3 Nd7 20. c4 Nf6 21. Kd3 Rae8 22. Rhf1 dxc4+ 23. Bxc4+ Kh8 24. Rab1 b6 25. a4 Ng4 26. Bg1 Bg5 27. Bf7 Rd8 28. Bc4 Ne5+ 29. Kc3 Nf3 30. h3 Bd2+ 31. Kd3 Bg5 32. Rbd1 Ne5+ 33. Kc3 Nxc4 34. Kxc4 Bf6 35. c3 Rfe8 36. Rfe1 Bh4 37. Rxe8+ Rxe8 38. a5 Re2 39. axb6 axb6 40. d5 Re4+ 41. Rd4 b5+ 42. Kd3 cxd5 43. Rxd5 Re1 44. Bd4 Rb1 45. Rd8+ Bxd8 46. Ke4 Kg8 47. Kd5 Kf7 48. Kc5 Bf6 0-1

[Event "UK Women's Blitz Championship"]
[Site "Leamington"]
[Date "2025.11.22"]
[Round "4.6"]
[White "Hng, Mei-Xian Eunice"]
[Black "Hryshchenko, Kamila"]
[Result "0-1"]
[WhiteElo "2000"]
[BlackElo "2062"]
[PlyCount "82"]
[EventDate "2025.11.22"]
[EventType "tourn (blitz)"]
[EventRounds "15"]
[EventCountry "GBR"]
[SourceTitle "BritBase"]
[Source "John Saunders"]
[SourceDate "2025.11.23"]
[SourceVersion "1"]
[SourceVersionDate "2025.11.23"]
[SourceQuality "1"]

1. e4 b6 2. d4 Bb7 3. Nc3 e6 4. Nf3 Nf6 5. Bd3 d5 6. e5 Nfd7 7. O-O c5 8. Bg5 Qc7 9. Nb5 Qc6 10. dxc5 bxc5 11. c4 d4 12. Re1 a6 13. Na3 Qc7 14. Bf4 Nc6 15. Qe2 Be7 16. Bg3 h6 17. Nc2 O-O-O 18. b4 cxb4 19. Ncxd4 Nxd4 20. Nxd4 Nc5 21. Nc2 Nxd3 22. Red1 Nb2 23. Rdb1 Na4 24. Qe3 Nc3 25. Re1 Bc5 26. Qf4 g5 27. Qg4 Rd2 28. Ne3 Rhd8 29. h4 Bxe3 30. Rxe3 R2d4 31. Qh5 Ne4 32. hxg5 hxg5 33. Rae1 Nxg3 34. Rxg3 Rxc4 35. Qxg5 Rcd4 36. Rc1 Bc6 37. Kh2 Rh8+ 38. Rh3 Rxh3+ 39. Kxh3 Rd8 40. Qg3 Rh8+ 41. Kg4 Rg8+ 0-1

[Event "UK Women's Blitz Championship"]
[Site "Leamington"]
[Date "2025.11.22"]
[Round "4.7"]
[White "Sivanandan, Bodhana"]
[Black "Rida, Ruqayyah"]
[Result "1-0"]
[WhiteElo "2291"]
[BlackElo "2072"]
[PlyCount "81"]
[EventDate "2025.11.22"]
[EventType "tourn (blitz)"]
[EventRounds "15"]
[EventCountry "GBR"]
[SourceTitle "BritBase"]
[Source "John Saunders"]
[SourceDate "2025.11.23"]
[SourceVersion "1"]
[SourceVersionDate "2025.11.23"]
[SourceQuality "1"]

1. e4 e5 2. Nf3 Nc6 3. Nc3 Nf6 4. d4 exd4 5. Nxd4 Bb4 6. Nxc6 bxc6 7. Bd3 d5 8. exd5 O-O 9. O-O Bg4 10. Ne2 cxd5 11. h3 Bh5 12. c4 Bg6 13. Bxg6 hxg6 14. Qc2 dxc4 15. Qxc4 Bd6 16. Bf4 Qe7 17. Bxd6 cxd6 18. Rfd1 d5 19. Qd3 Rfe8 20. Nd4 Rac8 21. Rac1 Qb4 22. Rxc8 Rxc8 23. Qd2 Qxd2 24. Rxd2 Kf8 25. f3 Ke7 26. Kf2 a6 27. Nc2 Rc5 28. Ne3 Kd6 29. b4 Rc3 30. g4 Ke5 31. g5 d4 32. Nd1 Nd5 33. Re2+ Kd6 34. Nxc3 dxc3 35. a3 Kc6 36. Re4 Kb5 37. Ke2 Ka4 38. Rd4 Nb6 39. Kd3 Kb3 40. b5 a5 41. Rd6 1-0

[Event "UK Women's Blitz Championship"]
[Site "Leamington"]
[Date "2025.11.22"]
[Round "4.8"]
[White "Yuan, Alice"]
[Black "Bahtiyorova, Nodirabegim"]
[Result "0-1"]
[WhiteElo "1586"]
[BlackElo "1817"]
[PlyCount "102"]
[EventDate "2025.11.22"]
[EventType "tourn (blitz)"]
[EventRounds "15"]
[EventCountry "GBR"]
[SourceTitle "BritBase"]
[Source "John Saunders"]
[SourceDate "2025.11.23"]
[SourceVersion "1"]
[SourceVersionDate "2025.11.23"]
[SourceQuality "1"]

1. d4 d5 2. Bf4 e6 3. Nf3 c5 4. e3 a6 5. c3 Nf6 6. Nbd2 Bd6 7. Bxd6 Qxd6 8. Bd3 O-O 9. O-O Nbd7 10. h3 b6 11. Qb3 c4 12. Qc2 cxd3 13. Qxd3 Bb7 14. Rfe1 Rfe8 15. Rac1 Rac8 16. c4 dxc4 17. Nxc4 Qe7 18. Nfe5 Nxe5 19. Nxe5 Rxc1 20. Rxc1 Rc8 21. Rxc8+ Bxc8 22. Nc6 Qc7 23. Qc3 Bb7 24. Ne5 Qxc3 25. bxc3 Ne4 26. c4 f6 27. Nf3 Nc3 28. a3 Kf7 29. Kf1 Bxf3 30. gxf3 Ke7 31. Kg2 Kd6 32. Kg3 Nb1 33. a4 Nc3 34. a5 bxa5 35. e4 a4 36. c5+ Kc6 37. f4 a3 38. e5 fxe5 39. dxe5 a2 40. f5 exf5 41. e6 a1=Q 42. Kf4 Nd5+ 43. Kxf5 Qf6+ 44. Ke4 Qxe6+ 45. Kd4 a5 46. Kd3 a4 47. Kc2 Qe2+ 48. Kb1 a3 49. Kc1 Qb2+ 50. Kd1 Nc3+ 51. Ke1 Qe2# 0-1

[Event "UK Women's Blitz Championship"]
[Site "Leamington"]
[Date "2025.11.22"]
[Round "5.1"]
[White "Bahtiyorova, Nodirabegim"]
[Black "Orlovska, Madara"]
[Result "0-1"]
[WhiteElo "1817"]
[BlackElo "2052"]
[PlyCount "50"]
[EventDate "2025.11.22"]
[EventType "tourn (blitz)"]
[EventRounds "15"]
[EventCountry "GBR"]
[SourceTitle "BritBase"]
[Source "John Saunders"]
[SourceDate "2025.11.23"]
[SourceVersion "1"]
[SourceVersionDate "2025.11.23"]
[SourceQuality "1"]

1. e4 e5 2. Nf3 Nc6 3. Bc4 Nf6 4. Ng5 d5 5. exd5 b5 6. Bd3 Qxd5 7. O-O b4 8. Re1 Bb7 9. Qf3 Qd6 10. Ne4 Nxe4 11. Bxe4 O-O-O 12. a3 g6 13. axb4 f5 14. Bxc6 Bxc6 15. Qe3 Qd5 16. f3 Bxb4 17. Kh1 e4 18. fxe4 fxe4 19. Nc3 Qh5 20. Nxe4 Rhe8 21. Rxa7 Rxe4 22. Qf2 Rde8 23. Rxe4 Rxe4 24. c3 Bd6 25. d4 Qxh2# 0-1